| 000 | 00000nam 2200000za 4500 |
| 001 | 9.853164 |
| 003 | CaOODSP |
| 005 | 20221107154747 |
| 007 | cr ||||||||||| |
| 008 | 180308s1993 oncb #ob f000 0 eng d |
| 040 | |aCaOODSP|beng |
| 043 | |an-cn-on |
| 086 | 1 |aR32-492/1993E-PDF |
| 245 | 00|aReport on the Algonquins of Golden Lake claim |h[electronic resource] / |cPrepared by Joan Holmes & Associates, Inc. for Ontario Native Affairs Secretariat. |
| 260 | |a[Ottawa?] : |bClaims and Historical Research Centre, |c1993. |
| 300 | |a2 v. : |bmaps |
| 500 | |a"October 30, 1993." |
| 500 | |aTitle from cover. |
| 500 | |aDigitized edition from print [produced by Indigenous and Northern Affairs Canada]. |
| 504 | |aIncludes bibliographical references. |
| 505 | 0 |aSummary volumes 1-4 -- Volumes 5 to 8 (incomplete). |
| 520 | |a"Research into the claim of the Golden Lake First Nation to the Ontario side of the Ottawa Valley has produced several inter-related reports and many volumes of primary and secondary documents"--Foreword. |
| 692 | 07|2gccst|aIndians |
| 692 | 07|2gccst|aLand claims |
| 692 | 07|2gccst|aCanadian history |
| 710 | 2 |aTreaties and Historical Research Centre (Canada) |
| 710 | 2 |aOntario Native Affairs Secretariat. |
| 710 | 1 |aCanada. |bIndian and Northern Affairs Canada. |
| 856 | 40|qPDF|s70.47 MB|uhttps://publications.gc.ca/collections/collection_2018/aanc-inac/R32-492-1993-1-eng.pdf|zSummary volumes 1-4 |
| 856 | 40|qPDF|s29.67 MB|uhttps://publications.gc.ca/collections/collection_2018/aanc-inac/R32-492-1993-2-eng.pdf|zVolumes 5 to 8 (incomplete) |